Colorful Shape Search III Quiz Stats

Quiz Updated Sep 1, 2016

Challenge
Share
Tweet
Score 0/30 Timer 01:30
0 Plays Today
% Correct
Blue Square
81.5%
Blue Circle
81.4%
Blue Triangle
81%
Red Heart
81%
Green Triangle
81%
Yellow Circle
81%
Yellow Heart
80.9%
Orange Triangle
80.8%
Green Heart
80.8%
Green Circle
80.8%
Yellow Square
80.8%
Orange Circle
80.6%
Green Square
80.5%
Red Circle
80.3%
Yellow Triangle
80.2%
% Correct
Red Triangle
80.1%
Red Circle
80.1%
Red Triangle
79.9%
Green Sun
79.8%
Orange Heart
79.7%
Orange Square
79.7%
Black Square
79.7%
Orange Sun
79.5%
Yellow Sun
79.4%
Blue Heart
79.4%
Blue Heart
79.3%
Red Square
78.3%
Blue Sun
77.9%
Red Sun
75.8%
Red Sun
72.9%

You're not logged in!

Compare scores with friends on all Sporcle quizzes.
Sign Up with Email
OR
Log In

You Might Also Like...

Show Comments

Extras

Top Quizzes Today


Score Distribution

Your Account Isn't Verified!

In order to create a playlist on Sporcle, you need to verify the email address you used during registration. Go to your Sporcle Settings to finish the process.